000 00390nam a2200157Ia 4500
008 151213s9999 xx 000 0 und d
100 _aHerbest Schildt
245 _aThe Computer Reference C++
_cHerbest Schildt
250 _a4th
260 _aNew York
_bMc Grow Hill
_c2007
300 _a4172 p.
650 _aComputer
650 _aComputer
700 _aHerbest Schildt
999 _c2597
_d2597